Catálogo
 En Linea

Consideraciones acerca de los accidentes del trabajo en la República Dominicana. / (Registro nro. 15762)

Detalles MARC
000 -CABECERA
campo de control de longitud fija 00808nam a2200217 a 4500
001 - NÚMERO DE CONTROL
campo de control 000016224
003 - IDENTIFICADOR DEL NÚMERO DE CONTROL
campo de control OSt
005 - FECHA Y HORA DE LA ÚLTIMA TRANSACCIÓN
campo de control 20210201104218.0
008 - DATOS DE LONGITUD FIJA--INFORMACIÓN GENERAL
campo de control de longitud fija 100301s1944 dr 000 0 spa d
040 ## - FUENTE DE LA CATALOGACIÓN
Centro catalogador/agencia de origen DO-SdBNP
Lengua de catalogación spa
Centro/agencia transcriptor BNPHU
049 ## - FONDOS LOCALES (OCLC)
Fondos de biblioteca BNPD
082 #4 - NÚMERO DE LA CLASIFICACIÓN DECIMAL DEWEY
Número de clasificación 344.7293021
Número de documento/Ítem M296c
100 1# - ENTRADA PRINCIPAL--NOMBRE DE PERSONA
Nombre de persona Mañon Gottons, Jacinto R.
9 (RLIN) 36275
245 10 - MENCIÓN DE TÍTULO
Título Consideraciones acerca de los accidentes del trabajo en la República Dominicana. /
Mención de responsabilidad, etc. Jacinto R. Mañon Gottons.
260 ## - PUBLICACIÓN, DISTRIBUCIÓN, ETC.
Lugar de publicación, distribución, etc. Ciudad Trujillo, República Dominicana :
Nombre del editor, distribuidor, etc. La Nación,
Fecha de publicación, distribución, etc. 1944.
300 ## - DESCRIPCIÓN FÍSICA
Extensión 60 p. ;
Dimensiones 20 cm.
500 ## - NOTA GENERAL
Nota general Trabajo presentado al Congreso Médico Dominicano del Centenario
650 ## - PUNTO DE ACCESO ADICIONAL DE MATERIA--TÉRMINO DE MATERIA
Término de materia o nombre geográfico como elemento de entrada Seguros contra accidentes de trabajo
Subdivisión general Legislación
Subdivisión geográfica República Dominicana
9 (RLIN) 76715
910 ## - DATOS DE OPCIÓN DEL USUARIO (OCLC)
Datos de opción del usuario Validado. Control de calidad MFF
942 ## - ELEMENTOS DE PUNTO DE ACCESO ADICIONAL (KOHA)
Fuente del sistema de clasificación o colocación Dewey Decimal Classification
Tipo de ítem Koha Libros y folletos
Existencias
Estado de retiro Estado de pérdida Fuente del sistema de clasificación o colocación No para préstamo Código de colección Localización permanente Ubicación/localización actual Fecha de adquisición Número de inventario Total de préstamos Signatura topográfica completa Código de barras Fecha visto por última vez Precio válido a partir de Tipo de ítem Koha Nota pública Ubicación en estantería Número de copia
    Dewey Decimal Classification Excluido de préstamo Raros y valiosos Patrimonio Dominicano Patrimonio Dominicano 01.03.2010 LF1   BNPHU PD-RV 344.7293021 M296c 16224-10 25.06.2020 25.06.2020 No se presta Perteneció a la biblioteca personal de Martínez Boog.    
  Extraviado Dewey Decimal Classification Excluido de préstamo Raros y valiosos Patrimonio Dominicano Patrimonio Dominicano 18.07.2011 LF1   BNPHU PD-RV 344.7293021 M296c 16224-20 25.06.2020 25.06.2020 No se presta   Extraviado e. 2

Con tecnología Koha